Risala Sehat (Record no. 2175)

MARC details
000 -LEADER
fixed length control field 00627nam a2200253 a 4500
020 ## - INTERNATIONAL STANDARD BOOK NUMBER
ISBN
082 00 - DEWEY DECIMAL CLASSIFICATION NUMBER
Classification number 641.1
Author Cutter KOH
100 ## - MAIN ENTRY--AUTHOR NAME
Author name Kohi, Noor
245 ## - TITLE STATEMENT
Title Risala Sehat
260 ## - PUBLICATION, DISTRIBUTION, ETC. (IMPRINT)
Place of publication Delhi
Name of publisher Delhi Printing Press
Year of publication 1942
300 ## - PHYSICAL DESCRIPTION
Number of Pages 63p
500 ## - GENERAL NOTE
General note includes index and biblioraphy
505 2# - FORMATTED CONTENTS NOTE
Formatted contents note Meeting of the N C C Nagpur Dec,28,1939-Jan 2,1940
650 ## - SUBJECT ADDED ENTRY--TOPICAL TERM
Topical Term Sufism-Bektashi Order
650 ## - SUBJECT ADDED ENTRY--TOPICAL TERM
Topical Term Health Care
942 ## - ADDED ENTRY ELEMENTS (KOHA)
Koha item type Books
700 1# -
-- Kohi, Noor
Holdings
Home library Current library Date acquired Cost, normal purchase price Full call number Accession Number Koha item type
Henry Martyn Institute Library Henry Martyn Institute Library 06/12/2007 100.00 641.1 KOH 4887 Archive Book
                   Copyright © 2026 | Henry Martyn Institute | Hyderabad | TS-500052 | INDIA | Implemented by hmi.edu.in
Hit-Count:

Powered by Koha